| 000 | 00615nam a2200205 a 4500 | ||
|---|---|---|---|
| 999 |
_c1435 _d1435 |
||
| 001 | 1435 | ||
| 003 | BD-JhCC | ||
| 005 | 20171021115105.0 | ||
| 008 | 171019s2003 bg |||| |||| 000 0 ben d | ||
| 035 | _a(BD-JhCC)1435 | ||
| 040 |
_aBD-JhCC _dBD-JhCC |
||
| 041 | _aben | ||
| 082 |
_a539.7223 _bASI 2003 |
||
| 100 | _aআসিফ | ||
| 245 |
_aমহাজাগতিক আলোয় ফিরে দেখা / _cআসিফ |
||
| 260 |
_aঢাকা : _bসময় প্রকাশন, _c২০০৩. |
||
| 300 |
_a১৪২ পৃ. : _c২২ সে.মি. |
||
| 650 | _aCosmic rays | ||
| 942 |
_2ddc _cBK |
||